| 000 | 00691nam a22002177a 4500 | ||
|---|---|---|---|
| 005 | 20230919152742.0 | ||
| 010 | _aENG-138127 | ||
| 020 |
_a9788194878339 _c910.00 |
||
| 035 | _aEN-121659 | ||
| 037 | _bDBAD/PUB | ||
| 082 | _a658.45 | ||
| 100 |
_aBala, A. Usha _956959 |
||
| 245 |
_aBusiness Communication Skills / _cA. Usha Bala ...[et.al] |
||
| 260 |
_aHyderabad _bM/s Spectrum Competitive Series _c2022 |
||
| 270 |
_a326/C, Level-6, Near BK Guda Park, S R Nagar _bHyderabad _e500038 |
||
| 300 |
_aviii, 560 _c25cm(pbk) |
||
| 700 |
_aAhmed, Md. Arif _956902 |
||
| 700 |
_aBhuvana, A. _956960 |
||
| 700 |
_aLakshmi, V. Vijaya _956961 |
||
| 942 |
_2ddc _cEN _h658.45 _mBAL |
||
| 999 |
_c198373 _d198373 |
||